[Event "IND-ch U13"]
[Site "Secunderabad"]
[Date "2023.12.07"]
[Round "7"]
[White "Chinmay, Kowshik"]
[Black "Shenvi, Mohit"]
[Result "0-1"]
[WhiteElo "1761"]
[BlackElo "1940"]
[PlyCount "96"]
[EventDate "2023.12.04"]
[EventType "swiss"]
[EventRounds "11"]
[EventCountry "IND"]
[SourceTitle "EXT 2025"]
[Source "ChessBase"]
[SourceDate "2024.10.14"]
[SourceVersion "1"]
[SourceVersionDate "2024.10.14"]
[SourceQuality "1"]

1. d4 Nf6 2. c4 e6 3. Nf3 d5 4. g3 c6 5. Bg2 Bd6 6. Qc2 0-0 7. 0-0 Nbd7 8. Nbd2 Re8 9. e4 Nxe4 10. Nxe4 dxe4 11. Qxe4 Nf6 12. Qc2 h6 13. b3 Qc7 14. Bb2 b6 15. c5 bxc5 16. dxc5 Be7 17. Ne5 Nd5 18. Rfd1 Ba6 19. Ng4 Rad8 20. Be5 Qa5 21. Rd4 f5 22. Nxh6+ gxh6 23. Qd1 Nf6 24. Bxc6 Rxd4 25. Qxd4 Rd8 26. Bd6 Kf7 27. Qb2 Bxd6 28. cxd6 Rxd6 29. b4 Qb6 30. Bf3 Qd4 31. Qc1 Kg6 32. Rb1 Bc4 33. Qe1 e5 34. Rd1 Bd3 35. h4 e4 36. h5+ Kf7 37. Bg2 Nxh5 38. Kh2 Nf6 39. Rc1 Ng4+ 40. Kg1 Kg6 41. Rc7 Bb5 42. Rc1 Qd2 43. Bh3 Qxe1+ 44. Rxe1 Ne5 45. Rc1 Rc6 46. Rxc6+ Nxc6 47. a3 Nd4 48. Bg2 Nc2 0-1

[Event "IND-ch U13"]
[Site "Secunderabad"]
[Date "2023.12.06"]
[Round "4"]
[White "Shenvi, Mohit"]
[Black "Reyan, Md"]
[Result "0-1"]
[WhiteElo "1940"]
[BlackElo "1842"]
[PlyCount "130"]
[EventDate "2023.12.04"]
[EventType "swiss"]
[EventRounds "11"]
[EventCountry "IND"]
[SourceTitle "EXT 2025"]
[Source "ChessBase"]
[SourceDate "2024.10.14"]
[SourceVersion "1"]
[SourceVersionDate "2024.10.14"]
[SourceQuality "1"]

1. e4 c5 2. c3 Nf6 3. e5 Nd5 4. d4 cxd4 5. cxd4 d6 6. exd6 Qxd6 7. Nc3 Nc6 8. Nf3 Bf5 9. Be3 e6 10. Bc4 Nb6 11. Bd3 Bg6 12. Bxg6 hxg6 13. h3 Be7 14. 0-0 Nd5 15. Qb3 0-0 16. Rac1 Rab8 17. Rfe1 Rfd8 18. a3 Qd7 19. Ne4 Rbc8 20. Qd3 a6 21. Nc5 Bxc5 22. Rxc5 Qe8 23. Qe4 Rc7 24. Rec1 Rcd7 25. b4 f6 26. Re1 Qf7 27. Bc1 Rd6 28. Bb2 Nde7 29. Bc3 Nf5 30. g4 Nfe7 31. Bb2 g5 32. Kg2 Qg6 33. Kg3 Kf7 34. Qe2 Nd5 35. Qc4 Rh8 36. b5 Nce7 37. Bc1 b6 38. Rxd5 Rxd5 39. bxa6 Qh7 40. Ng1 Rc8 41. Qb3 Qc2 42. Qxb6 Rc6 43. Qb4 Qc3+ 44. Be3 Qxb4 45. axb4 Rxa6 46. Rc1 Rb6 47. Rc7 Rxb4 48. Nf3 Ke8 49. Bc1 Rd7 50. Rc3 Nd5 51. Rc8+ Rd8 52. Rc5 Kd7 53. Ra5 Rc8 54. Ba3 Rb3 55. Bc5 Rc7 56. Ra6 Rc6 57. Ra7+ Rc7 58. Ra6 Nf4 59. h4 Ne2+ 60. Kg2 Nf4+ 61. Kg3 Ne2+ 62. Kg2 gxh4 63. Rd6+ Kc8 64. Nxh4 Nf4+ 65. Kg1 g5 0-1

[Event "Mumbai Mayors Cup 1st"]
[Site "Mumbai"]
[Date "2008.05.17"]
[Round "9"]
[White "Swati, Mohota"]
[Black "Shenvi, Mohit"]
[Result "1-0"]
[WhiteElo "2114"]
[BlackElo "1837"]
[PlyCount "105"]
[EventDate "2008.05.11"]
[EventType "swiss"]
[EventRounds "11"]
[EventCountry "IND"]
[SourceTitle "CBM 124 Extra"]
[Source "ChessBase"]
[SourceDate "2008.07.03"]
[SourceVersion "1"]
[SourceVersionDate "2008.07.03"]
[SourceQuality "1"]

1. d4 Nf6 2. c4 e6 3. a3 d5 4. Nc3 Nbd7 5. Bg5 Be7 6. e3 c6 7. cxd5 exd5 8. Bd3 0-0 9. Qc2 Re8 10. Nge2 Nf8 11. 0-0 Bd6 12. Bf4 Bxf4 13. Nxf4 Qd6 14. Bf5 Bxf5 15. Qxf5 Ne6 16. Nd3 Nd7 17. Rad1 g6 18. Qh3 Ng5 19. Qg4 h6 20. Qe2 f5 21. f4 Ne6 22. Qf3 Kg7 23. g4 fxg4 24. Qxg4 Nf6 25. Qg2 Nf8 26. Ne5 N6d7 27. Rf3 Nxe5 28. fxe5 Qe6 29. Rf6 Qd7 30. Rdf1 Re7 31. Ne2 Qe8 32. Rxf8 Qxf8 33. Rxf8 Rxf8 34. Nf4 g5 35. Nh5+ Kg6 36. Nf6 a5 37. Qc2+ Kf7 38. Qh7+ Ke6 39. Qxh6 Kf7 40. Qh5+ Ke6 41. Qg4+ Kf7 42. Qf5 Kg7 43. Nh5+ Kg8 44. Qxg5+ Kf7 45. Qf6+ Ke8 46. Ng7+ Rxg7+ 47. Qxg7 Rf3 48. e6 Rf5 49. Qd7+ Kf8 50. e7+ Kg8 51. e8Q+ Rf8 52. Qg6+ Kh8 53. Qdg7# 1-0